[Event "Krefeld op"]
[Site "Krefeld"]
[Date "2023.08.05"]
[Round "7"]
[White "Lueersen, Lukas"]
[Black "Wartenberg, Julian"]
[Result "1-0"]
[WhiteElo "1710"]
[BlackElo "1532"]
[PlyCount "71"]
[EventDate "2023.08.02"]
[EventType "swiss"]
[EventRounds "9"]
[EventCountry "GER"]
[SourceTitle "CBM 215 Extra"]
[Source "ChessBase"]
[SourceDate "2023.09.30"]
[SourceVersion "1"]
[SourceVersionDate "2023.09.30"]
[SourceQuality "1"]

1. e4 c5 2. Nc3 e6 3. f4 d5 4. Nf3 Nc6 5. Bb5 a6 6. Bxc6+ bxc6 7. 0-0 d4 8. Ne2 Nf6 9. d3 Be7 10. Qe1 0-0 11. b3 a5 12. a4 Ba6 13. Ba3 Ng4 14. Ng3 Re8 15. h3 Nf6 16. Nd2 Nd7 17. e5 Bh4 18. Nde4 Be7 19. Ne2 Qb6 20. g4 f5 21. exf6 Nxf6 22. N2g3 Nd5 23. Rf2 Rf8 24. f5 Ne3 25. fxe6 Rxf2 26. Qxf2 Rf8 27. Nf5 Kh8 28. Qe2 Nxf5 29. gxf5 Rxf5 30. Rf1 Rxf1+ 31. Qxf1 Qd8 32. Qf7 Qf8 33. Qxf8+ Bxf8 34. Bxc5 Bxc5 35. Nxc5 Bxd3 36. cxd3 1-0

[Event "Krefeld op"]
[Site "Krefeld"]
[Date "2023.08.03"]
[Round "3"]
[White "Koehn Hevernick, Max"]
[Black "Wartenberg, Julian"]
[Result "1-0"]
[WhiteElo "1740"]
[BlackElo "1532"]
[PlyCount "77"]
[EventDate "2023.08.02"]
[EventType "swiss"]
[EventRounds "9"]
[EventCountry "GER"]
[SourceTitle "CBM 215 Extra"]
[Source "ChessBase"]
[SourceDate "2023.09.30"]
[SourceVersion "1"]
[SourceVersionDate "2023.09.30"]
[SourceQuality "1"]

1. e4 c5 2. Nf3 e6 3. c3 d5 4. exd5 Qxd5 5. Na3 Nc6 6. Bc4 Qe4+ 7. Be2 a6 8. 0-0 Nf6 9. Re1 Qd5 10. b3 Be7 11. Nc4 Qd8 12. a4 b6 13. Bb2 Bb7 14. Qc2 0-0 15. Rad1 Qc7 16. d3 Rfd8 17. Nfd2 Rd7 18. Ne4 Rad8 19. Bf3 Ne5 20. Nxf6+ Bxf6 21. Nxe5 Bxe5 22. Bxb7 Bxh2+ 23. Kh1 Qxb7 24. Kxh2 b5 25. axb5 axb5 26. Re3 Rd5 27. Rg3 c4 28. d4 e5 29. Re1 exd4 30. cxd4 Rh5+ 31. Kg1 Qd5 32. Qe4 g6 33. Qxd5 Rhxd5 34. Rc1 Rc8 35. bxc4 bxc4 36. Ra3 Rb8 37. Ba1 Rb4 38. Ra8+ Kg7 39. Rc8 1-0

[Event "Itzehoe op"]
[Site "Itzehoe"]
[Date "2022.10.02"]
[Round "3"]
[White "Wartenberg, Julian"]
[Black "Christiansen, Jana Marie"]
[Result "1-0"]
[WhiteElo "1549"]
[BlackElo "1184"]
[PlyCount "49"]
[EventDate "2022.10.01"]
[EventType "swiss"]
[EventRounds "5"]
[EventCountry "GER"]
[SourceTitle "CBM 210 Extra"]
[Source "ChessBase"]
[SourceDate "2022.11.30"]
[SourceVersion "1"]
[SourceVersionDate "2022.11.30"]
[SourceQuality "1"]

1. e4 e5 2. Nf3 Nc6 3. Bc4 Bc5 4. c3 Nf6 5. d4 exd4 6. e5 Ng4 7. cxd4 Bb4+ 8. Nc3 d6 9. h3 Nh6 10. Bg5 Ne7 11. Qa4+ Bd7 12. Qxb4 b6 13. exd6 cxd6 14. 0-0 Qc7 15. Rfe1 f6 16. Bxh6 gxh6 17. Nd5 Qb7 18. Rxe7+ Kd8 19. Qxd6 Kc8 20. Ba6 Rd8 21. Bxb7+ Kxb7 22. Rxd7+ Rxd7 23. Qxd7+ Ka6 24. Nc7+ Ka5 25. Qb5# 1-0

[Event "Heusenstamm Sparkassen op-B 7th"]
[Site "Heusenstamm"]
[Date "2021.11.20"]
[Round "4.19"]
[White "Wartenberg, Julian"]
[Black "Meuer, David"]
[Result "0-1"]
[WhiteElo "1531"]
[BlackElo "1649"]
[PlyCount "74"]
[EventDate "2021.11.18"]
[EventType "swiss"]
[EventRounds "7"]
[EventCountry "GER"]
[SourceTitle "EXT 2023"]
[Source "ChessBase"]
[SourceDate "2022.10.05"]
[SourceVersion "1"]
[SourceVersionDate "2022.10.05"]
[SourceQuality "1"]

1. c4 e5 2. g3 Nf6 3. Bg2 d5 4. cxd5 Nxd5 5. Nc3 Nb6 6. Nf3 Nc6 7. 0-0 Be7 8. d3 g5 9. Be3 g4 10. Nd2 h5 11. Qc1 Be6 12. Nde4 f5 13. Nc5 Bxc5 14. Bxc5 Qd7 15. Qg5 Qf7 16. a3 Rg8 17. Qd2 Qd7 18. Be3 0-0-0 19. Bg5 Rdf8 20. Rfc1 Nd4 21. Qe3 Nb3 22. Bh6 Rf6 23. Bg5 Rfg6 24. Bh4 Nxa1 25. Rxa1 Re8 26. Qxe5 Bd5 27. Qf4 Bxg2 28. Kxg2 Nd5 29. Qd2 Rge6 30. Re1 Re5 31. Bg5 Nxc3 32. bxc3 Qe6 33. Kf1 Qb3 34. Qc1 Ra5 35. c4 Qxa3 36. Qf4 Qb2 37. d4 Ra4 0-1

[Event "Heusenstamm Sparkassen op-B 7th"]
[Site "Heusenstamm"]
[Date "2021.11.19"]
[Round "2.42"]
[White "Junkers, Guenter"]
[Black "Wartenberg, Julian"]
[Result "0-1"]
[WhiteElo "1235"]
[BlackElo "1531"]
[PlyCount "92"]
[EventDate "2021.11.18"]
[EventType "swiss"]
[EventRounds "7"]
[EventCountry "GER"]
[SourceTitle "EXT 2023"]
[Source "ChessBase"]
[SourceDate "2022.10.05"]
[SourceVersion "1"]
[SourceVersionDate "2022.10.05"]
[SourceQuality "1"]

1. e4 e6 2. Nc3 d5 3. exd5 exd5 4. Bb5+ c6 5. Be2 Nf6 6. h3 Bd6 7. d4 0-0 8. Nf3 Bf5 9. Nh4 Be4 10. 0-0 h6 11. Bd3 Re8 12. Bxe4 Nxe4 13. Re1 Qxh4 14. Qf3 Nd7 15. Nxe4 Rxe4 16. Be3 Rae8 17. Bd2 Nf6 18. Re3 Rxd4 19. Rxe8+ Nxe8 20. Bc3 Re4 21. Re1 Nf6 22. Qf5 Rxe1+ 23. Bxe1 Qe4 24. Qxe4 Nxe4 25. g3 Bc5 26. Kg2 f5 27. Kf3 Kf7 28. g4 Kf6 29. h4 fxg4+ 30. Kxg4 Bxf2 31. Bxf2 Nxf2+ 32. Kf4 b5 33. Ke3 Nd1+ 34. Kd4 Nxb2 35. Kc5 g5 36. Kxc6 gxh4 37. Kxd5 h3 38. Kc5 a6 39. Kb4 h2 40. Ka5 h1Q 41. Kxa6 Qc6+ 42. Ka5 Nc4+ 43. Kb4 Ke5 44. c3 Kd5 45. a3 Qa6 46. a4 Qxa4# 0-1

[Event "GER-ch Net blitz qual2"]
[Site "Playchess.com INT"]
[Date "2021.05.04"]
[Round "10"]
[White "Boettner, Juergen"]
[Black "Wartenberg, Julian"]
[Result "1-0"]
[WhiteElo "1482"]
[BlackElo "1620"]
[PlyCount "34"]
[EventDate "2021.05.04"]
[EventType "swiss (blitz)"]
[EventRounds "11"]
[EventCountry "GER"]
[SourceTitle "CBM 202 Extra"]
[Source "ChessBase"]
[SourceDate "2021.07.31"]
[SourceVersion "1"]
[SourceVersionDate "2021.07.31"]
[SourceQuality "1"]

1. d4 Nf6 2. Nc3 e6 3. e4 Bb4 4. Bd3 0-0 5. f4 d6 6. e5 dxe5 7. fxe5 Nd5 8. Bd2 Nxc3 9. bxc3 Be7 10. Nf3 Nc6 11. 0-0 b6 12. Rb1 h6 13. Qe1 Bb7 14. Qe4 g6 15. Bxh6 Re8 16. h4 Bxh4 17. Nxh4 Qxh4 1-0

[Event "GER-ch Net blitz qual2"]
[Site "Playchess.com INT"]
[Date "2021.05.04"]
[Round "1"]
[White "Hundack, Rolf"]
[Black "Wartenberg, Julian"]
[Result "1-0"]
[WhiteElo "1932"]
[BlackElo "1620"]
[PlyCount "53"]
[EventDate "2021.05.04"]
[EventType "swiss (blitz)"]
[EventRounds "11"]
[EventCountry "GER"]
[SourceTitle "CBM 202 Extra"]
[Source "ChessBase"]
[SourceDate "2021.07.31"]
[SourceVersion "1"]
[SourceVersionDate "2021.07.31"]
[SourceQuality "1"]

1. c4 e5 2. Nc3 Nf6 3. g3 d5 4. cxd5 Nxd5 5. Bg2 Nb6 6. Nf3 Nc6 7. 0-0 Be7 8. d3 0-0 9. Be3 a6 10. Na4 Nd5 11. Bc5 Bxc5 12. Nxc5 Re8 13. a3 b6 14. Ne4 f6 15. Rc1 Bb7 16. Qb3 Kh8 17. e3 Nde7 18. Rfd1 Na5 19. Qa2 Bd5 20. Qb1 Nb3 21. Rc3 a5 22. d4 exd4 23. Nxd4 Nxd4 24. Rxd4 Nc6 25. Rxd5 Qxd5 26. Nxf6 Qf7 27. Qxh7# 1-0

[Event "GER-ch Net blitz qual2"]
[Site "Playchess.com INT"]
[Date "2021.05.04"]
[Round "5"]
[White "Wartenberg, Julian"]
[Black "Reiss, Peter"]
[Result "0-1"]
[WhiteElo "1620"]
[BlackElo "1426"]
[PlyCount "64"]
[EventDate "2021.05.04"]
[EventType "swiss (blitz)"]
[EventRounds "11"]
[EventCountry "GER"]
[SourceTitle "CBM 202 Extra"]
[Source "ChessBase"]
[SourceDate "2021.07.31"]
[SourceVersion "1"]
[SourceVersionDate "2021.07.31"]
[SourceQuality "1"]

1. d4 d5 2. c4 e6 3. Nf3 Nf6 4. Bg5 Be7 5. e3 h6 6. Bf4 0-0 7. cxd5 exd5 8. Bd3 c6 9. 0-0 Be6 10. Nc3 Nbd7 11. Rc1 Nh5 12. Be5 Nxe5 13. Nxe5 Nf6 14. a3 a5 15. Ne2 Nd7 16. Nxd7 Qxd7 17. Nf4 Bf5 18. Re1 Bxd3 19. Qxd3 Bg5 20. Nh3 Be7 21. e4 dxe4 22. Rxe4 Bf6 23. Rce1 Rfe8 24. Nf4 Rxe4 25. Rxe4 Re8 26. Rxe8+ Qxe8 27. h3 Qd7 28. Ne2 Qd5 29. Kf1 c5 30. Qb5 Bxd4 31. Nxd4 Qxd4 32. Qxb7 Qd1# 0-1

[Event "GER Cup Net V4 U1600"]
[Site "Playchess.com INT"]
[Date "2020.05.31"]
[Round "1"]
[White "Wartenberg, Julian"]
[Black "Fliegner, Thomas"]
[Result "1/2-1/2"]
[WhiteElo "1515"]
[BlackElo "1221"]
[PlyCount "119"]
[EventDate "2020.05.31"]
[EventType "swiss (blitz)"]
[EventRounds "9"]
[EventCountry "GER"]
[SourceTitle "EXT 2021"]
[Source "ChessBase"]
[SourceDate "2020.10.23"]
[SourceVersion "1"]
[SourceVersionDate "2020.10.23"]
[SourceQuality "1"]

1. d4 d5 2. c4 c6 3. Nc3 Nf6 4. Nf3 e6 5. Bg5 Be7 6. e3 Nbd7 7. cxd5 cxd5 8. Bd3 0-0 9. 0-0 a6 10. Qc2 b5 11. a3 Bb7 12. Rac1 Rc8 13. Qd2 Qb6 14. b4 h6 15. Bh4 Qd6 16. Ne2 Rxc1 17. Rxc1 Rc8 18. Rxc8+ Bxc8 19. Nc1 Nb6 20. Nb3 Nc4 21. Qc1 Nd7 22. Bxe7 Qxe7 23. Nfd2 Ndb6 24. Be2 f6 25. Nxc4 Nxc4 26. Nd2 Qd6 27. Nxc4 bxc4 28. Qc3 Bd7 29. f3 Ba4 30. e4 dxe4 31. fxe4 Bb5 32. Bf3 g6 33. Qc2 Kf7 34. a4 Bd7 35. Qxc4 Qc6 36. Qxc6 Bxc6 37. Bd1 Bxe4 38. b5 axb5 39. axb5 Bb7 40. b6 Ke7 41. Kf2 Kd6 42. Ke3 Kc6 43. Bc2 f5 44. Kf4 Kxb6 45. Ke5 Bd5 46. Kf6 g5 47. Kg6 Bxg2 48. Kxh6 f4 49. Kxg5 f3 50. Be4 Kb5 51. Kg4 Kc4 52. Bxf3 Bxf3+ 53. Kxf3 Kxd4 54. h4 e5 55. h5 e4+ 56. Ke2 Ke5 57. h6 Kf6 58. h7 Kg7 59. Ke3 Kxh7 60. Kxe4 1/2-1/2